Pohjois-Amerikan Isotjärvet - Statistics

Yleistilastot
  • Tätä visaa on pelattu 356 kertaa
  • Keskiarvotulos 4 / 5
Vastaukset kartalla
Vastauksille on annettu kartalla punavihreä väri sen mukaan, kuinka moni on saanut sen oikein.
 
Vastaustilastot
Järvi % Oikein
Michiganjärvi
89%
Eriejärvi
75%
Ontariojärvi
71%
Huronjärvi
65%
Yläjärvi
60%
Ehtoja vastaavia visoja ei löytynyt
Tulosjakauma
Jokaisen tuloksen saaneiden osuus
Persentiili vastausten määrän mukaan
Tuloshistoriasi
Et ole pelannut tätä visaa